| 000 -LEADER |
| fixed length control field |
01578cam a2200277 ab4500 |
| 001 - CONTROL NUMBER |
| control field |
005428695 |
| 003 - CONTROL NUMBER IDENTIFIER |
| control field |
OSt |
| 005 - DATE AND TIME OF LATEST TRANSACTION |
| control field |
20191223111210.0 |
| 008 - FIXED-LENGTH DATA ELEMENTS--GENERAL INFORMATION |
| fixed length control field |
130131r20092008xxkb j 000 f eng d |
| 020 ## - INTERNATIONAL STANDARD BOOK NUMBER |
| International Standard Book Number |
9780552552127 (pbk.) : |
| 020 ## - INTERNATIONAL STANDARD BOOK NUMBER |
| International Standard Book Number |
0552552127 (pbk.) |
| 040 ## - CATALOGING SOURCE |
| Original cataloging agency |
NCNU |
| Language of cataloging |
eng |
| Transcribing agency |
NCNU |
| Modifying agency |
NCNU |
| Description conventions |
AACR2 |
| 082 ## - DEWEY DECIMAL CLASSIFICATION NUMBER |
| Classification number |
FIC PAO |
| 084 ## - OTHER CLASSIFICATION NUMBER |
| Classification number |
PZ7.P19535 |
| Item number |
I55 |
| 100 1# - MAIN ENTRY--PERSONAL NAME |
| Personal name |
Paolini, Christopher. |
| Relator term |
author |
| 245 10 - TITLE STATEMENT |
| Title |
Brisingr / |
| Statement of responsibility, etc. |
Christopher Paolini. |
| 246 13 - VARYING FORM OF TITLE |
| Title proper/short title |
Seven promises of Eragon Shadeslayer and Saphira Bjartskular. |
| 260 ## - PUBLICATION, DISTRIBUTION, ETC. |
| Place of publication, distribution, etc. |
London : |
| Name of publisher, distributor, etc. |
Corgi Children's, |
| Date of publication, distribution, etc. |
2011. |
| 300 ## - PHYSICAL DESCRIPTION |
| Extent |
xix, 763 p. : |
| Other physical details |
map ; |
| Dimensions |
20 cm. |
| 490 0# - SERIES STATEMENT |
| Series statement |
Inheritance cycle ; |
| Volume/sequential designation |
bk. 3. |
| 500 ## - GENERAL NOTE |
| General note |
Originally published: London: Doubleday, 2008. |
| 520 ## - SUMMARY, ETC. |
| Summary, etc. |
Following the colossal battle against the Empire's warriors, Eragon and Saphira narrowly escaped with their lives. But more awaits the Rider and his dragon, as Eragon finds himself bound by promises he may not be able to keep, including his oath to cousin Roran to help rescue his beloved Katrina. When unrest claims the rebels and danger strikes, Eragon must make choices that take him across the Empire and beyond, choices that may lead to unimagined sacrifice. Conflict, action, adventure and one devastating death await readers as Eragon battles on behalf of the Varden while Galbatorix ruthlessly attempts to crush and twist him to his own purposes. Can he become a leader who can unite the rebel forces and defeat the King? |
| 650 #0 - SUBJECT ADDED ENTRY--TOPICAL TERM |
| Topical term or geographic name entry element |
Dragons |
| General subdivision |
Juvenile fiction. |
| 650 #0 - SUBJECT ADDED ENTRY--TOPICAL TERM |
| Topical term or geographic name entry element |
Fantasy |
| General subdivision |
Juvenile fiction. |
| 942 ## - ADDED ENTRY ELEMENTS (KOHA) |
| Source of classification or shelving scheme |
|
| Koha item type |
Books - Fiction |